Opavské interiéry /

Hlavní autor: Strakoš, Martin, 1972-
Další autoři: Rosová, Romana, 1972-, Polášek, Roman, 1967-
Jazyk: Čeština
Vydáno: Ostrava : Fiducia, 2014
Témata:
Fyzický popis: 239 stran : ilustrace (převážně barevné), faksimile ; 21 x 23 cm
Knihy
Uloženo v:
LEADER 02277nam a2200601 i 4500
001 nkc20152660422
003 CZ PrNK
005 20200908142454.0
007 ta
008 150123s2014 xr ah e 000 0 cze
015 |a cnb002660422 
020 |a 978-80-905106-9-2  |q (vázáno) 
035 |a (OCoLC)1200255583 
040 |a BOA001  |b cze  |d ABA001  |d OLA001  |e rda 
043 |a e-xr---  |b e-xr-mo  |2 czenas 
072 7 |a 72  |x Architektura  |2 Konspekt  |9 21 
080 |a 721:904  |2 MRF 
080 |a 72:904  |2 MRF 
080 |a 72.012.8  |2 MRF 
080 |a (437.326)  |2 MRF 
080 |a (048.8)  |2 MRF 
080 |a (084.12)  |2 MRF 
100 1 |a Strakoš, Martin,  |d 1972-  |7 jo2002109970  |4 aut  |4 edt 
245 1 0 |a Opavské interiéry /  |c Martin Strakoš, Romana Rosová, Roman Polášek 
264 1 |a Ostrava :  |b Fiducia,  |c 2014 
300 |a 239 stran :  |b ilustrace (převážně barevné), faksimile ;  |c 21 x 23 cm 
336 |a text  |b txt  |2 rdacontent 
336 |a statický obraz  |b sti  |2 rdacontent 
337 |a bez média  |b n  |2 rdamedia 
338 |a svazek  |b nc  |2 rdacarrier 
500 |a Texty: Martin Strakoš, Romana Rosová, fotografie: Roman Polášek 
500 |a 1000 výtisků 
504 |a Obsahuje bibliografii a bibliografické odkazy 
650 0 7 |a historické budovy  |7 ph120726  |z Česko  |2 czenas 
650 0 7 |a architektonické památky  |7 ph118585  |z Česko  |2 czenas 
650 0 7 |a interiéry  |7 ph121148  |z Česko  |2 czenas 
650 0 9 |a historic buildings  |z Czechia  |2 eczenas 
650 0 9 |a architectural monuments  |z Czechia  |2 eczenas 
650 0 9 |a interiors  |z Czechia  |2 eczenas 
651 7 |a Opava (Česko)  |7 ge130311  |2 czenas 
651 9 |a Opava (Czechia)  |2 eczenas 
655 7 |a přehledy  |7 fd133202  |2 czenas 
655 7 |a fotografické publikace  |7 fd132276  |2 czenas 
655 9 |a surveys  |2 eczenas 
655 9 |a photographical works  |2 eczenas 
700 1 |a Rosová, Romana,  |d 1972-  |7 mzk2011665547  |4 wfw 
700 1 |a Polášek, Roman,  |d 1967-  |7 jx20110615021  |4 pht 
910 2 |a BOA001  |b 2-1405.847 
990 |a BK 
995 |a 01 
991 |b 201804  |c NOV 
996 6 |b 2610739640  |c 2-1405.847  |l MZK  |r Sklad / do 1 hodiny  |n 1  |p p.v.  |w 001658851  |u 000010  |a 1  |e BOA001  |j MZK50  |s P 
996 7 |b 2610739641  |c 2-1405.847  |l MZK  |r Sklad / do 1 hodiny  |n 0  |p dar  |w 001658851  |u 000020  |a 1  |e BOA001  |j MZK50  |s A